Canada, Mexico, or US Capital? Quiz Stats

Quiz Updated Feb 21, 2017

Challenge
Share
Tweet
Embed
Score 0/24 Timer 04:00
2 Plays Today
Capital C, M, or U % Correct
Toronto???
95.5%
Mérida???
93.3%
Xalapa???
93.1%
Charleston???
93%
La Paz???
92.9%
Baton Rouge???
92.4%
Winnipeg???
92.4%
Saltillo???
92.3%
Victoria???
91.1%
Concord???
89.3%
Santa Fe???
89%
Halifax???
89%
Capital C, M, or U % Correct
Chetumal???
88.9%
Augusta???
88.4%
Toluca???
87.1%
Helena???
86.4%
Victoria de Durango???
85.4%
St John's???
85.3%
Morelia???
85%
Fredericton???
83.6%
Regina???
81.4%
Pierre???
81.2%
Montpelier???
80.6%
Charlottetown???
75.3%

You're not logged in!

Compare scores with friends on all Sporcle quizzes.
Sign Up with Email
OR
Log In

You Might Also Like...

Show Comments

Extras

Top Quizzes Today


Score Distribution

Your Account Isn't Verified!

In order to create a playlist on Sporcle, you need to verify the email address you used during registration. Go to your Sporcle Settings to finish the process.